Návrh na rozšírenie marketingovej stratégie spoločnosti RONA, a.s. diplomová práca

Na minha lista:
Detalhes bibliográficos
Autor principal: Paššová, Jana
Autor Corporativo: Obchodná fakulta EU. Katedra marketingu
Outros Autores: Čimo, Jozef
Formato: Livro
Idioma:eslovaco
Publicado em: Bratislava 2008
Tags: Adicionar Tag
Sem tags, seja o primeiro a adicionar uma tag!

MARC

LEADER 00000nam$a2200000$$$4500
001 0081742
005 20240201115753.8
041 0 |a slo 
044 |a SK 
245 1 0 |a Návrh na rozšírenie marketingovej stratégie spoločnosti RONA, a.s.  |b diplomová práca  |c Jana Paššová ; škol. Jozef Čimo 
264 1 |a Bratislava  |c 2008 
300 |a 109 s. 
100 1 |a Paššová, Jana 
700 1 |a Čimo, Jozef 
710 2 |a Obchodná fakulta EU. Katedra marketingu